Big Bang Theory Universities Quiz Stats

 Plays Quiz not verified by Sporcle

Challenge
Share
Tweet
Embed
Score 0/12 Timer 04:00
0 Plays Today
Character School % Correct
Howard Joel Wolowitz, M.Eng.Masters Degree-Massachusetts Institute of Technology
87.8%
Leonard Leakey Hofstadter, PhD.Doctorate-Princeton University
83.2%
Amy Farrah Fowler, PhD.Doctorate-Harvard University
81.5%
Sheldon Lee Cooper, PhD.Doctorate-University of Texas, Doctorate-California Institute of Technology
69.4%
Bernadette Maryann Rostenkowski-Wolowitz, PhD.Doctorate-California Institute of Technology
62.4%
Dennis Kim, M.PhysicsValedictorian-Stanford University
46.7%
Alex Jensen, M.PhysicsMasters-Summa Cum Laude-Stanford University
46.2%
Rajesh Ramayan Koothrappali, PhD.Doctorate-Cambridge University(UK)
38.4%
Priya Koothrappali, LLBLaw Degree-Cambridge University(UK)
38.4%
Arthur Jeffries, PhD.Doctorate-Cornell University
23.6%
Stuart BloomBachelors-Rhode Island School of Design
19.9%
PennyStudent-Pasadena Community College and a Drop-Out from Metropolitan Community College in Omaha*
16.1%

You're not logged in!

Compare scores with friends on all Sporcle quizzes.
Join for Free
OR
Log In

You Might Also Like...

Show Comments

Extras

Top Quizzes Today


Score Distribution

Your Account Isn't Verified!

In order to create a playlist on Sporcle, you need to verify the email address you used during registration. Go to your Sporcle Settings to finish the process.

Report this User

Report this user for behavior that violates our Community Guidelines.

Details: